[Event "VI Memorial Nicola Palladino A"]
[Site "Milano ITA"]
[Date "2014.04.19"]
[Round "4"]
[White "Stella, Andrea"]
[Black "Cazzaniga, Walter"]
[WhiteElo "2433"]
[BlackElo "2128"]
[Result "1-0"]
[PlyCount "75"]
[EventDate "2014.04.17"]

1. Nf3 Nf6 2. c4 g6 3. g3 Bg7 4. Bg2 O-O 5. O-O c5 6. Nc3 Nc6 7. d4 cxd4 8.
Nxd4 Ng4 9. e3 d6 10. b3 Nxd4 11. exd4 Rb8 12. Bb2 Nh6 13. d5 Nf5 14. Qd2 a6
15. Ne4 Bxb2 16. Qxb2 Bd7 17. Rfe1 Rc8 18. Rac1 b6 19. h4 Rc7 20. Qd2 f6 21.
Kh2 Kg7 22. a4 Qc8 23. Qb4 Qb8 24. Bh3 Nd4 25. Qc3 Nf5 26. h5 Kf7 27. g4 Ng7
28. h6 Ne8 29. g5 f5 30. Nd2 b5 31. axb5 axb5 32. Re3 e5 33. dxe6+ Bxe6 34.
Rce1 Re7 35. Kg1 Nc7 36. Nf3 bxc4 37. bxc4 Kg8 38. Nd4 1-0

[Event "VI Memorial Nicola Palladino A"]
[Site "Milano ITA"]
[Date "2014.04.20"]
[Round "5"]
[White "Cazzaniga, Walter"]
[Black "Podetti, Davide"]
[WhiteElo "2128"]
[BlackElo "1871"]
[Result "1/2-1/2"]
[PlyCount "84"]
[EventDate "2014.04.17"]

1. d4 Nf6 2. c4 e6 3. Nf3 b6 4. g3 Ba6 5. b3 Bb4+ 6. Bd2 Be7 7. Bg2 c6 8. Bc3
d5 9. Ne5 Nfd7 10. Nxd7 Nxd7 11. Nd2 O-O 12. O-O Rc8 13. Bb2 c5 14. dxc5 dxc4
15. c6 Nb8 16. Nxc4 Nxc6 17. Rc1 Bc5 18. e3 Qe7 19. Qg4 f5 20. Qe2 Na5 21. Rfd1
Rfd8 22. Rxd8+ Rxd8 23. Qc2 Nxc4 24. bxc4 Ba3 25. e4 Bxb2 26. Qxb2 fxe4 27.
Bxe4 Qd6 28. Qc2 g6 29. c5 Qxc5 30. Qxc5 bxc5 31. Rxc5 Rd4 32. Bc2 Rc4 33. Rxc4
Bxc4 34. a3 e5 35. Kg2 Kf7 36. Kf3 Ke6 37. h4 Bd5+ 38. Ke3 Kd6 39. h5 Bf7 40.
hxg6 Bxg6 41. Bxg6 hxg6 42. Ke4 Ke6 1/2-1/2

[Event "VI Memorial Nicola Palladino A"]
[Site "Milano ITA"]
[Date "2014.04.20"]
[Round "5"]
[White "Formento, Paolo"]
[Black "Stella, Andrea"]
[WhiteElo "2204"]
[BlackElo "2433"]
[Result "0-1"]
[PlyCount "116"]
[EventDate "2014.04.17"]

1. e4 e6 2. d4 d5 3. Nd2 c5 4. Ngf3 Nf6 5. exd5 exd5 6. dxc5 Bxc5 7. Bb5+ Nc6
8. O-O O-O 9. Nb3 Bb6 10. c3 Bg4 11. Bg5 a6 12. Be2 Re8 13. Bh4 Qd6 14. Re1 Ne4
15. Nfd4 Bxe2 16. Rxe2 Nxd4 17. Nxd4 Bxd4 18. Qxd4 Qf4 19. Bg3 Nxg3 20. hxg3
Qxd4 21. Rxe8+ Rxe8 22. cxd4 Re2 23. Rb1 Rd2 24. Kf1 Kf8 25. Ke1 Rxd4 26. Ke2
Ke7 27. Ke3 Ra4 28. a3 h5 29. Kd3 Kd7 30. f3 Rc4 31. Re1 f6 32. Kd2 a5 33. Rh1
g6 34. b3 Rc7 35. g4 hxg4 36. Rh6 gxf3 37. gxf3 Ke6 38. Rxg6 d4 39. b4 axb4 40.
axb4 Rc4 41. b5 Rb4 42. Kd3 Ke5 43. Rg4 Rxb5 44. Re4+ Kf5 45. Rxd4 Re5 46. Rb4
Re7 47. Rb6 Kg5 48. f4+ Kf5 49. Kd2 Re6 50. Rxb7 Kxf4 51. Rb1 f5 52. Rf1+ Kg4
53. Rg1+ Kf3 54. Rf1+ Kg4 55. Rg1+ Kh3 56. Rf1 Re5 57. Kd3 Kg2 58. Rf4 Kg3 0-1

[Event "VI Memorial Nicola Palladino A"]
[Site "Milano ITA"]
[Date "2014.04.20"]
[Round "5"]
[White "Gonella, Daniele"]
[Black "Darvishi, Mahmood"]
[WhiteElo "2143"]
[BlackElo "2051"]
[Result "1-0"]
[PlyCount "25"]
[EventDate "2014.04.17"]

1. e4 c6 2. Nf3 d5 3. Nc3 dxe4 4. Nxe4 Bf5 5. Ng3 Bg6 6. h4 h6 7. Ne5 Bh7 8.
Qh5 g6 9. Qf3 Nf6 10. Qb3 Qd5 11. Qxb7 Qxe5+ 12. Be2 Nd5 13. Qc8# 1-0

[Event "VI Memorial Nicola Palladino A"]
[Site "Milano ITA"]
[Date "2014.04.20"]
[Round "5"]
[White "Nicolo', Filippo"]
[Black "Quagliarella, Sabino Remo"]
[WhiteElo "2076"]
[BlackElo "1863"]
[Result "1-0"]
[PlyCount "39"]
[EventDate "2014.04.17"]

1. e4 c5 2. Nc3 Nc6 3. Bb5 a6 4. Bxc6 bxc6 5. d3 d6 6. f4 Qc7 7. Nf3 Nf6 8. O-O
g6 9. Qe1 Bg7 10. Qh4 Rb8 11. Rb1 Bg4 12. Bd2 Be6 13. Ng5 Bc8 14. f5 gxf5 15.
exf5 h6 16. Nge4 Nxe4 17. Nxe4 d5 18. f6 Bf8 19. fxe7 Qxe7 20. Nf6+ 1-0

[Event "VI Memorial Nicola Palladino A"]
[Site "Milano ITA"]
[Date "2014.04.20"]
[Round "5"]
[White "Petrone, Gianmario"]
[Black "Girgenti, Giuseppe"]
[WhiteElo "2009"]
[BlackElo "1935"]
[Result "1/2-1/2"]
[PlyCount "116"]
[EventDate "2014.04.17"]

1. e4 e5 2. Nf3 Nc6 3. Bb5 a6 4. Ba4 Nf6 5. Nc3 b5 6. Bb3 Bc5 7. O-O d6 8. Nd5
Be6 9. c3 Bxd5 10. exd5 Ne7 11. d4 exd4 12. Nxd4 h6 13. a4 O-O 14. axb5 Bxd4
15. Qxd4 axb5 16. Bf4 Qd7 17. Qd3 Ng6 18. Bg3 Rfe8 19. Rxa8 Rxa8 20. Re1 Re8
21. Rxe8+ Qxe8 22. Qe3 Qxe3 23. fxe3 Ne7 24. Bc2 Nexd5 25. e4 Ne3 26. Bd3 Nd1
27. e5 dxe5 28. Bxe5 c6 29. c4 bxc4 30. Bxc4 Ne3 31. Be2 Nd7 32. Bd6 Nf5 33.
Bf4 g5 34. Bxg5 hxg5 35. Bg4 Ne5 36. Bxf5 c5 37. Kf2 Kg7 38. Ke2 Kf6 39. Bc2
Nc4 40. b3 Nd6 41. Bd3 Ke5 42. Ke3 f5 43. h3 Nc8 44. g3 Ne7 45. h4 gxh4 46.
gxh4 Ng8 47. Bc4 Ne7 48. Kf3 Nc6 49. h5 Nd4+ 50. Kg3 Kf6 51. Kf4 Kg7 52. Kg5
Nxb3 53. Bxb3 Kh8 54. Bc4 f4 55. Kxf4 Kg7 56. Kg5 Kh8 57. Kf6 Kh7 58. Bf7 Kh8
1/2-1/2

[Event "VI Memorial Nicola Palladino A"]
[Site "Milano ITA"]
[Date "2014.04.20"]
[Round "5"]
[White "Scagliotti, Guglielmo"]
[Black "Baltzopoulos, Giorgos"]
[WhiteElo "1896"]
[BlackElo "2030"]
[Result "1/2-1/2"]
[PlyCount "114"]
[EventDate "2014.04.17"]

1. e4 c5 2. Nf3 d6 3. d4 cxd4 4. Nxd4 Nf6 5. Nc3 a6 6. h3 e5 7. Nde2 h5 8. g3
Be6 9. Bg2 Nbd7 10. Be3 b5 11. a3 Nb6 12. b3 Rc8 13. O-O Be7 14. Qd3 g6 15. f4
O-O 16. f5 Bd7 17. Bh6 Re8 18. fxg6 fxg6 19. Nd5 Nbxd5 20. exd5 Kh7 21. Bg5 Rf8
22. Bxf6 Rxf6 23. Rxf6 Bxf6 24. Rf1 Qb6+ 25. Kh1 Rf8 26. g4 hxg4 27. Be4 Be8
28. hxg4 Kg7 29. Kg2 Rh8 30. Qf3 Bg5 31. Ng1 Qd4 32. Nh3 Be7 33. Qd3 Qa7 34.
Qd2 Qd7 35. Qe2 Rh4 36. Nf2 Bg5 37. Rh1 Qe7 38. Rxh4 Bxh4 39. Nh3 Bd7 40. Qf3
Qf6 41. Qxf6+ Kxf6 42. Kf3 Be1 43. Bd3 g5 44. c4 Bh4 45. cxb5 axb5 46. Ng1 Be1
47. Ne2 Ke7 48. Ng3 Bxg3 49. Kxg3 Kd8 50. Bf5 Be8 51. Kf3 Kc7 52. Ke4 Kb6 53.
Be6 Bg6+ 54. Bf5 Bf7 55. Be6 Bg6+ 56. Bf5 Bf7 57. Be6 Bg6+ 1/2-1/2

[Event "VI Memorial Nicola Palladino A"]
[Site "Milano ITA"]
[Date "2014.04.20"]
[Round "5"]
[White "Vezzosi, Paolo"]
[Black "Pelizzola, Danilo"]
[WhiteElo "2287"]
[BlackElo "2120"]
[Result "1-0"]
[PlyCount "95"]
[EventDate "2014.04.17"]

1. d4 g6 2. e4 Bg7 3. c4 d6 4. Nc3 Nf6 5. Be2 O-O 6. Be3 Nc6 7. d5 Nb8 8. h3 c5
9. Nf3 Nbd7 10. O-O Re8 11. Nd2 Nf8 12. f4 N6d7 13. a4 Qa5 14. Nb3 Qc7 15. Qd2
f5 16. exf5 gxf5 17. Bd3 Nf6 18. Qc2 Qd7 19. Rae1 Ng6 20. Nc1 Rf8 21. N1e2 a6
22. Ng3 Nh4 23. Re2 b6 24. Rfe1 Rf7 25. Bc1 Bf8 26. Kh2 Ra7 27. Nd1 Bh6 28. Re6
Rg7 29. Bxf5 Qd8 30. Nf2 Bxe6 31. Bxe6+ Kh8 32. Ng4 Rg6 33. Nxh6 Rxh6 34. f5
Qf8 35. Qd2 Nxg2 36. Kxg2 Rh4 37. b3 Qg7 38. Qg5 Rd4 39. Qxg7+ Kxg7 40. Kf3 Ra8
41. Bb2 Rh4 42. Kg2 Rd8 43. Ne4 a5 44. Re3 Rh6 45. Rg3+ Kf8 46. Bxf6 exf6 47.
Rg8+ Ke7 48. Rg7+ 1-0

[Event "VI Memorial Nicola Palladino A"]
[Site "Milano ITA"]
[Date "2014.04.21"]
[Round "6"]
[White "Baltzopoulos, Giorgos"]
[Black "Petrone, Gianmario"]
[WhiteElo "2030"]
[BlackElo "2009"]
[Result "0-1"]
[PlyCount "74"]
[EventDate "2014.04.17"]

1. e4 c5 2. Nf3 d6 3. d4 cxd4 4. Nxd4 Nf6 5. Nc3 a6 6. Bg5 Nbd7 7. f4 Qc7 8.
Qf3 h6 9. Bh4 g5 10. fxg5 hxg5 11. Bf2 Ne5 12. Qe2 b5 13. O-O-O Bg4 14. Nf3 Rc8
15. Bd4 Nfd7 16. Nd5 Qc6 17. Nb4 Qb7 18. Kb1 Rh3 19. Qd2 Rxf3 20. gxf3 Bxf3 21.
Bg2 Bxd1 22. Rxd1 a5 23. Nd3 Nxd3 24. cxd3 Qc7 25. Be3 g4 26. d4 Bg7 27. Bf1
Qc6 28. Qg2 Nf6 29. Bd3 b4 30. h3 d5 31. e5 Ne4 32. Qxg4 Nc3+ 33. bxc3 bxc3 34.
Qe2 Rb8+ 35. Ka1 Rb2 36. Qg4 Rxa2+ 37. Kxa2 Qa4+ 0-1

[Event "VI Memorial Nicola Palladino A"]
[Site "Milano ITA"]
[Date "2014.04.21"]
[Round "6"]
[White "Cazzaniga, Walter"]
[Black "Scagliotti, Guglielmo"]
[WhiteElo "2128"]
[BlackElo "1896"]
[Result "1/2-1/2"]
[PlyCount "138"]
[EventDate "2014.04.17"]

1. d4 f5 2. g3 g6 3. Bg2 Nf6 4. Nf3 Bg7 5. c4 d6 6. Nc3 O-O 7. O-O Qe8 8. d5 a5
9. Be3 Na6 10. Bd4 Bd7 11. e4 fxe4 12. Ng5 c5 13. dxc6 bxc6 14. Ngxe4 Rb8 15.
Qd2 Qf7 16. b3 Nb4 17. Nxf6+ Bxf6 18. Bxf6 Qxf6 19. Ne4 Qf5 20. Rae1 Rbe8 21.
f4 h6 22. h3 h5 23. Kh2 c5 24. Ng5 Qc2 25. Rf2 Bf5 26. Be4 Bxe4 27. Rxe4 Qxd2
28. Rxd2 Nc6 29. Ne6 Rf7 30. g4 hxg4 31. hxg4 Ra8 32. Kg3 a4 33. Kh4 axb3 34.
axb3 Rh7+ 35. Kg5 Kf7 36. Rde2 Rb8 37. R2e3 Rb7 38. f5 gxf5 39. Kxf5 Kg8 40. g5
Rb8 41. g6 Rh5+ 42. Kg4 Rh1 43. Rg3 Ne5+ 44. Kg5 Rc8 45. Rf4 Nd7 46. Rh4 Rxh4
47. Kxh4 Ra8 48. Kg5 Ra1 49. Nf4 Nf6 50. Re3 Rg1+ 51. Kf5 Kf8 52. Ne6+ Kg8 53.
Nf4 Kf8 54. Rh3 Kg8 55. Re3 e5 56. Kxf6 Rf1 57. Ke6 exf4 58. Rd3 Kg7 59. Kxd6
Kxg6 60. Kxc5 Kf5 61. b4 Ke4 62. Rd8 f3 63. b5 f2 64. Rf8 Ke3 65. b6 Rb1 66.
Kc6 f1=Q 67. Rxf1 Rxf1 68. b7 Rb1 69. Kc7 Kd4 1/2-1/2

[Event "VI Memorial Nicola Palladino A"]
[Site "Milano ITA"]
[Date "2014.04.21"]
[Round "6"]
[White "Colica, Daniele"]
[Black "Nicolo', Filippo"]
[WhiteElo "1727"]
[BlackElo "2076"]
[Result "0-1"]
[PlyCount "54"]
[EventDate "2014.04.17"]

1. Nf3 d5 2. b3 Bg4 3. e3 e5 4. Be2 Bd6 5. Bb2 Nd7 6. d3 Ngf6 7. Nbd2 O-O 8.
O-O c5 9. h3 Bxf3 10. Bxf3 Qe7 11. c4 Nb6 12. cxd5 Nbxd5 13. Nc4 Rad8 14. d4 e4
15. Be2 Bb8 16. Qc2 Rfe8 17. Rad1 Qc7 18. Ne5 Nb4 19. Qb1 cxd4 20. exd4 Nfd5
21. a3 Nc6 22. Qxe4 f6 23. Bc4 Nce7 24. f4 b5 25. Bxb5 fxe5 26. dxe5 Qc5+ 27.
Kh1 Qxb5 0-1

[Event "VI Memorial Nicola Palladino A"]
[Site "Milano ITA"]
[Date "2014.04.21"]
[Round "6"]
[White "Darvishi, Mahmood"]
[Black "Formento, Paolo"]
[WhiteElo "2051"]
[BlackElo "2204"]
[Result "0-1"]
[PlyCount "58"]
[EventDate "2014.04.17"]

1. e4 e6 2. d4 d5 3. Nd2 Be7 4. c3 c5 5. exd5 Qxd5 6. dxc5 Qxc5 7. Ne4 Qc7 8.
Bd3 Nd7 9. Nf3 Ngf6 10. O-O O-O 11. Qe2 b6 12. Nxf6+ Nxf6 13. Ne5 Bb7 14. Bf4
Bd6 15. Rad1 g6 16. Rfe1 Nh5 17. Bh6 Rfd8 18. Bc2 Ba6 19. Qe3 Bc5 20. Qh3 Bb7
21. Bb3 Rxd1 22. Bxd1 Nf6 23. Qh4 Nd5 24. Bg5 f6 25. Bxf6 Rf8 26. Ng4 h5 27.
Qg5 Nf4 28. Be5 Qc6 29. Ne3 Nh3+ 0-1

[Event "VI Memorial Nicola Palladino A"]
[Site "Milano ITA"]
[Date "2014.04.21"]
[Round "6"]
[White "Girgenti, Giuseppe"]
[Black "Pelizzola, Danilo"]
[WhiteElo "1935"]
[BlackElo "2120"]
[Result "1-0"]
[PlyCount "103"]
[EventDate "2014.04.17"]

1. e4 c5 2. Nf3 Nc6 3. Bb5 d6 4. O-O Bd7 5. c3 a6 6. Bxc6 Bxc6 7. Re1 e5 8. d4
Qc7 9. Bg5 Be7 10. Bxe7 Nxe7 11. Nbd2 O-O 12. Rc1 Ng6 13. Nf1 Nf4 14. Ng3 Bb5
15. a4 Bd7 16. Ne2 Ng6 17. h3 Rad8 18. b4 b6 19. Qb3 Qc6 20. b5 axb5 21. d5 Qb7
22. axb5 f5 23. Ng5 fxe4 24. Nxe4 Qb8 25. c4 Nf4 26. Nxf4 Rxf4 27. Qg3 Rdf8 28.
f3 Bf5 29. Ra1 Bg6 30. Ra4 Bxe4 31. fxe4 Qd8 32. Ra7 Qf6 33. Rb7 g6 34. Rxb6
Rf1+ 35. Rxf1 Qxf1+ 36. Kh2 Qxc4 37. Qg4 Qf1 38. Rxd6 Qxb5 39. Qe6+ Rf7 40.
Qxe5 c4 41. Rd8+ Rf8 42. Rxf8+ Kxf8 43. Qf6+ Kg8 44. d6 Qd7 45. Qd4 c3 46. e5
Qc8 47. d7 Qd8 48. Qd5+ Kg7 49. Qd6 c2 50. Qf6+ Qxf6 51. exf6+ Kh6 52. f7 1-0

[Event "VI Memorial Nicola Palladino A"]
[Site "Milano ITA"]
[Date "2014.04.21"]
[Round "6"]
[White "Podetti, Davide"]
[Black "Vezzosi, Paolo"]
[WhiteElo "1871"]
[BlackElo "2287"]
[Result "0-1"]
[PlyCount "96"]
[EventDate "2014.04.17"]

1. e4 c5 2. Nc3 Nc6 3. f4 g6 4. Nf3 Bg7 5. g3 d6 6. Bg2 Rb8 7. O-O b5 8. d3 b4
9. Ne2 e5 10. f5 f6 11. g4 Bh6 12. Bxh6 Nxh6 13. Qd2 Nf7 14. Ng3 g5 15. Nh5 Rg8
16. c3 bxc3 17. bxc3 Ke7 18. Qc2 Qa5 19. Nd2 Ba6 20. Rfb1 c4 21. Bf1 Qc5+ 22.
Kh1 Rb6 23. Rxb6 axb6 24. dxc4 Nh6 25. h3 Bb7 26. Qd3 Na5 27. Nb3 Qa3 28. Nxa5
bxa5 29. Bg2 Bc6 30. Rd1 Nf7 31. Rb1 Qc5 32. Rb2 Rc8 33. Ng7 Nd8 34. h4 h6 35.
hxg5 hxg5 36. Bf1 Kf7 37. Nh5 Nb7 38. Rh2 Rh8 39. Qe2 Qb6 40. Ng3 Rh4 41. Bg2
Qb1+ 42. Qf1 Qxa2 43. Qd3 Ke7 44. Rxh4 gxh4 45. Nf1 Nc5 46. Qh3 Qf2 47. g5 Bxe4
48. gxf6+ Kxf6 0-1

[Event "VI Memorial Nicola Palladino A"]
[Site "Milano ITA"]
[Date "2014.04.21"]
[Round "6"]
[White "Stella, Andrea"]
[Black "Gonella, Daniele"]
[WhiteElo "2433"]
[BlackElo "2143"]
[Result "1/2-1/2"]
[PlyCount "112"]
[EventDate "2014.04.17"]

1. Nf3 Nf6 2. c4 g6 3. g3 Bg7 4. Bg2 O-O 5. O-O d5 6. cxd5 Nxd5 7. d4 Nc6 8.
Nc3 Nb6 9. d5 Ne5 10. Nxe5 Bxe5 11. Qc2 Bd7 12. Bh6 Re8 13. Rac1 Qc8 14. Rfd1
e6 15. dxe6 Bxe6 16. Nb5 Bc4 17. Nc3 c6 18. b3 Be6 19. e4 Rd8 20. Bg5 Rxd1+ 21.
Rxd1 Qf8 22. Ne2 Bg7 23. Be3 Nd7 24. Nf4 Qe7 25. Nxe6 Qxe6 26. Qd2 Nf6 27. Qa5
h5 28. Qc7 Qc8 29. Qe7 b6 30. Bg5 Nh7 31. Bf4 Bf8 32. Qd7 Qxd7 33. Rxd7 Nf6 34.
Rc7 Bc5 35. h3 Rd8 36. Bf3 Re8 37. e5 Nd5 38. Bxd5 cxd5 39. Rxa7 g5 40. Bxg5
Rxe5 41. Bh4 Re2 42. g4 hxg4 43. hxg4 Re4 44. Kg2 Rxg4+ 45. Bg3 Rd4 46. a3 Rd2
47. b4 Bd4 48. a4 Kg7 49. a5 bxa5 50. Rxa5 Bc3 51. Rb5 Rb2 52. Rxd5 Rxb4 53.
Rc5 Bd4 54. Rg5+ Kf6 55. Rg8 Be5 56. Ra8 Bxg3 1/2-1/2

[Event "VI Memorial Nicola Palladino A"]
[Site "Milano ITA"]
[Date "2014.04.21"]
[Round "7"]
[White "Girgenti, Giuseppe"]
[Black "Stella, Andrea"]
[WhiteElo "1935"]
[BlackElo "2433"]
[Result "0-1"]
[PlyCount "52"]
[EventDate "2014.04.17"]

1. e4 e6 2. d4 d5 3. e5 c5 4. c3 Nc6 5. Nf3 Nh6 6. Nbd2 cxd4 7. cxd4 Qb6 8. Nb3
a5 9. Bd3 Bb4+ 10. Bd2 a4 11. Nc1 Nxd4 12. Nxd4 Qxd4 13. O-O Bxd2 14. Qxd2 Bd7
15. Ne2 Qxe5 16. Qb4 Bc6 17. Bb5 Nf5 18. Rfe1 Qd6 19. Bxc6+ bxc6 20. Qg4 O-O
21. Nf4 Qb4 22. Re5 Qxb2 23. Rae1 Rab8 24. h4 Qd4 25. g3 Rb2 26. Qf3 Rxa2 0-1

[Event "VI Memorial Nicola Palladino A"]
[Site "Milano ITA"]
[Date "2014.04.21"]
[Round "7"]
[White "Nicolo', Filippo"]
[Black "Baltzopoulos, Giorgos"]
[WhiteElo "2076"]
[BlackElo "2030"]
[Result "1-0"]
[PlyCount "57"]
[EventDate "2014.04.17"]

1. e4 c5 2. Nc3 Nc6 3. Bb5 Nd4 4. Bc4 e6 5. Nge2 Nf6 6. O-O a6 7. e5 d5 8. Bd3
Nd7 9. f4 Nc6 10. Ng3 c4 11. Be2 Bc5+ 12. Kh1 O-O 13. Bf3 f6 14. exf6 Rxf6 15.
d3 Rh6 16. h3 Qh4 17. Nce2 Nf6 18. c3 cxd3 19. Qxd3 e5 20. Bxd5+ Kh8 21. f5 g5
22. Bxc6 bxc6 23. Qd8+ Kg7 24. b4 Ba7 25. Qe7+ Kg8 26. Rd1 Bb6 27. Be3 Nd5 28.
Rxd5 cxd5 29. Bxg5 1-0

[Event "VI Memorial Nicola Palladino A"]
[Site "Milano ITA"]
[Date "2014.04.21"]
[Round "7"]
[White "Pelizzola, Danilo"]
[Black "Podetti, Davide"]
[WhiteElo "2120"]
[BlackElo "1871"]
[Result "1/2-1/2"]
[PlyCount "115"]
[EventDate "2014.04.17"]

1. e4 e5 2. Nf3 Nc6 3. Bb5 a6 4. Ba4 Nf6 5. O-O b5 6. Bb3 Be7 7. Re1 O-O 8. c3
d6 9. h3 Na5 10. Bc2 c5 11. d4 Qc7 12. Nbd2 Re8 13. d5 c4 14. Nf1 h6 15. g4 Bf8
16. Ng3 g6 17. Be3 Nb7 18. Qd2 Kh7 19. Kh1 Nc5 20. Rg1 Bg7 21. Rg2 a5 22. Rag1
b4 23. Rh2 b3 24. axb3 cxb3 25. Bb1 a4 26. g5 hxg5 27. Nxg5+ Kg8 28. f3 Nh7 29.
h4 Nxg5 30. Bxg5 f6 31. Bh6 a3 32. bxa3 Rxa3 33. Nh5 gxh5 34. Bxg7 Qxg7 35.
Rhg2 Re7 36. Qh6 Bg4 37. Qxg7+ Rxg7 38. fxg4 hxg4 39. Rf2 Kf7 40. Kg2 Na4 41.
Rgf1 Rg6 42. c4 Nc5 43. Rb2 Ra4 44. Rc1 Ra1 45. Rf1 Ke7 46. Kg3 Rxb1 47. Rfxb1
Nxe4+ 48. Kg2 Nc5 49. Ra1 f5 50. Ra7+ Kf6 51. Rc7 f4 52. Rxc5 dxc5 53. Rxb3 Ke7
54. Rb7+ Ke8 55. Rb8+ Ke7 56. Rb7+ Ke8 57. Rb8+ Ke7 58. Rb7+ 1/2-1/2

[Event "VI Memorial Nicola Palladino A"]
[Site "Milano ITA"]
[Date "2014.04.21"]
[Round "7"]
[White "Petrone, Gianmario"]
[Black "Formento, Paolo"]
[WhiteElo "2009"]
[BlackElo "2204"]
[Result "0-1"]
[PlyCount "46"]
[EventDate "2014.04.17"]

1. e4 c5 2. c3 e6 3. d4 d5 4. exd5 exd5 5. dxc5 Bxc5 6. h3 Nf6 7. Bb5+ Nc6 8.
Nf3 O-O 9. O-O Ne4 10. b4 Bxf2+ 11. Rxf2 Nxf2 12. Kxf2 Qb6+ 13. Be3 Qxb5 14.
Bc5 Re8 15. Na3 Qa6 16. b5 Qa5 17. Qxd5 Qxc3 18. bxc6 Qxa1 19. Bd4 Qc1 20. cxb7
Bxb7 21. Qxb7 Qxa3 22. Qd5 Rad8 23. Qh5 Qxa2+ 0-1

[Event "VI Memorial Nicola Palladino A"]
[Site "Milano ITA"]
[Date "2014.04.21"]
[Round "7"]
[White "Quagliarella, Sabino Remo"]
[Black "Colica, Daniele"]
[WhiteElo "1863"]
[BlackElo "1727"]
[Result "1-0"]
[PlyCount "101"]
[EventDate "2014.04.17"]

1. e4 d5 2. exd5 Nf6 3. c4 e6 4. dxe6 Bxe6 5. Nf3 Nc6 6. Be2 Bc5 7. Nc3 a6 8.
O-O Qd7 9. d3 O-O-O 10. Bg5 Be7 11. a3 h6 12. Be3 Ng4 13. Qd2 Nge5 14. Nxe5
Nxe5 15. Rad1 Qc6 16. Qc1 Bg4 17. f3 Bh5 18. Nd5 Bf6 19. d4 Nd7 20. Nf4 Bg6 21.
Nxg6 fxg6 22. Bd3 Rhe8 23. Bf2 Nf8 24. Be4 Qb6 25. c5 Qe6 26. Rfe1 Qf7 27. Qc2
c6 28. b4 Bg5 29. a4 Bf4 30. b5 axb5 31. axb5 Re6 32. Ra1 Qc7 33. g3 Bg5 34.
Ra8+ Kd7 35. b6 Rxa8 36. bxc7 Kxc7 37. Qb3 Rb8 38. Rb1 Rf6 39. h4 Bd2 40. d5
Nd7 41. dxc6 bxc6 42. Qd3 Bb4 43. Qc4 Ne5 44. Qb3 Nd7 45. Qc2 Ne5 46. Kg2 g5
47. hxg5 hxg5 48. Bd4 Re6 49. Qa2 Re7 50. Rxb4 Rxb4 51. Qa5+ 1-0

[Event "VI Memorial Nicola Palladino A"]
[Site "Milano ITA"]
[Date "2014.04.21"]
[Round "7"]
[White "Scagliotti, Guglielmo"]
[Black "Darvishi, Mahmood"]
[WhiteElo "1896"]
[BlackElo "2051"]
[Result "1-0"]
[PlyCount "95"]
[EventDate "2014.04.17"]

1. e4 e5 2. f4 exf4 3. Nf3 Be7 4. Bc4 Bh4+ 5. g3 fxg3 6. O-O Nh6 7. d4 O-O 8.
Bxh6 gxh6 9. Ne5 d5 10. Bxd5 gxh2+ 11. Kh1 Bf6 12. Nxf7 Rxf7 13. Qh5 Kh8 14.
Qxf7 Bg7 15. Nc3 c6 16. Bb3 Nd7 17. e5 Nb6 18. e6 Bxe6 19. Qxe6 Qxd4 20. Rae1
h5 21. Qe8+ Rxe8 22. Rxe8+ Bf8 23. Rfxf8+ Kg7 24. Rg8+ Kf6 25. Ref8+ Ke5 26.
Rg5+ Kd6 27. Rd8+ Nd7 28. Nb5+ cxb5 29. Rxd7+ Kxd7 30. Rd5+ Qxd5+ 31. Bxd5 b6
32. Kxh2 Kd6 33. Bb3 b4 34. Bf7 h4 35. Kh3 Ke5 36. Kxh4 Kf4 37. Bg8 h6 38. Kh5
Ke3 39. Kxh6 Kd2 40. Bh7 Kc1 41. b3 Kb2 42. Kg5 Kxa2 43. Kf4 Kb2 44. Ke5 a5 45.
Bd3 Ka3 46. Kd4 a4 47. bxa4 Kxa4 48. Bc4 1-0

[Event "VI Memorial Nicola Palladino A"]
[Site "Milano ITA"]
[Date "2014.04.21"]
[Round "7"]
[White "Vezzosi, Paolo"]
[Black "Gonella, Daniele"]
[WhiteElo "2287"]
[BlackElo "2143"]
[Result "1-0"]
[PlyCount "77"]
[EventDate "2014.04.17"]

1. d4 Nf6 2. Nc3 d5 3. Bg5 Nc6 4. Bxf6 exf6 5. e3 Be7 6. a3 O-O 7. Bd3 Be6 8.
Qf3 Qd7 9. Nge2 f5 10. h4 Bf6 11. Ng3 g6 12. h5 Rae8 13. hxg6 fxg6 14. Nge2 Nd8
15. Nf4 c6 16. O-O-O Nf7 17. Qg3 Nd6 18. f3 Bf7 19. Qh3 Be6 20. Rdg1 Re7 21. g4
fxg4 22. fxg4 Bg5 23. Nce2 Ne4 24. Bxe4 dxe4 25. Nxg6 hxg6 26. Qh8+ Kf7 27.
Rf1+ Bf5 28. Qh3 Ke8 29. gxf5 Ref7 30. Qg3 Rxf5 31. Rxf5 Qxf5 32. Qb8+ Bd8 33.
Qxb7 Qf6 34. Rh7 Qe6 35. Nf4 Qd6 36. Kb1 g5 37. Nh5 Rf1+ 38. Ka2 Qe6+ 39. b3
1-0

[Event "VI Memorial Nicola Palladino B"]
[Site "Milano ITA"]
[Date "2014.04.17"]
[Round "1"]
[White "Botta, Massimiliano"]
[Black "Nassiri, Shair"]
[WhiteElo "1727"]
[BlackElo "1512"]
[Result "0-1"]
[PlyCount "52"]
[EventDate "2014.04.17"]

1. e4 e5 2. Nf3 Nf6 3. d4 Nxe4 4. Nxe5 d5 5. Nd2 Bd6 6. Nxe4 dxe4 7. Bc4 Bxe5
8. Qh5 O-O 9. dxe5 Qe7 10. Bd2 Be6 11. Be2 Nc6 12. f4 Nd4 13. g4 Nxc2+ 14. Kf1
Nxa1 15. f5 Nc2 16. Rg1 e3 17. f6 exd2 18. Qg5 Ne3+ 19. Kf2 d1=N+ 20. Bxd1
Nxd1+ 21. Rxd1 Qc5+ 22. Kf3 Bxg4+ 23. Kxg4 h5+ 24. Kg3 g6 25. Re1 Kh7 26. e6
Qxg5+ 0-1

[Event "VI Memorial Nicola Palladino B"]
[Site "Milano ITA"]
[Date "2014.04.17"]
[Round "1"]
[White "Carli, Federico"]
[Black "Poletto, Daniele"]
[WhiteElo "1572"]
[BlackElo "1765"]
[Result "1/2-1/2"]
[PlyCount "50"]
[EventDate "2014.04.17"]

1. e4 c5 2. c3 Nf6 3. e5 Nd5 4. d4 cxd4 5. cxd4 d6 6. Nf3 Nc6 7. Bc4 Nb6 8. Bb5
dxe5 9. Nxe5 Bd7 10. Nxd7 Qxd7 11. Nc3 a6 12. Bxc6 bxc6 13. O-O g6 14. Be3 Bg7
15. Qb3 Nd5 16. Nxd5 cxd5 17. Rac1 O-O 18. Rc5 e6 19. Rfc1 Rfc8 20. Rxc8+ Rxc8
21. Rxc8+ Qxc8 22. g3 h5 23. Kg2 Qc7 24. Qa4 Qc8 25. Qb3 Qc7 1/2-1/2

[Event "VI Memorial Nicola Palladino B"]
[Site "Milano ITA"]
[Date "2014.04.17"]
[Round "1"]
[White "Colonetti, Fabio"]
[Black "Romagnoli, Thomas"]
[WhiteElo "1521"]
[BlackElo "1732"]
[Result "1/2-1/2"]
[PlyCount "55"]
[EventDate "2014.04.17"]

1. e4 e5 2. Nf3 Nc6 3. Bc4 Bc5 4. Nc3 Nf6 5. d3 d6 6. h3 Be6 7. Bd5 Bxd5 8.
Nxd5 Nxd5 9. exd5 Ne7 10. c4 f5 11. d4 exd4 12. Nxd4 Bxd4 13. Qxd4 O-O 14. O-O
Ng6 15. Re1 Qd7 16. b3 a6 17. Bb2 Rae8 18. Rac1 Re7 19. Re3 Rfe8 20. Rce1 b6
21. Rxe7 Rxe7 22. Rxe7 Qxe7 23. Qe3 Qxe3 24. fxe3 Kf7 25. Kf2 a5 26. a3 Ne5 27.
Bxe5 dxe5 28. Kf3 1/2-1/2

[Event "VI Memorial Nicola Palladino B"]
[Site "Milano ITA"]
[Date "2014.04.17"]
[Round "1"]
[White "Greco, Giovanni"]
[Black "Baronio, Gaia"]
[WhiteElo "1433"]
[BlackElo "1636"]
[Result "0-1"]
[PlyCount "72"]
[EventDate "2014.04.17"]

1. d4 d5 2. c4 c6 3. Nc3 Nf6 4. Nf3 dxc4 5. e4 b5 6. Be2 Bb7 7. O-O e6 8. a3
Be7 9. Bg5 h6 10. Bh4 Nbd7 11. Qc2 O-O 12. Rad1 Re8 13. Rfe1 Qb6 14. Bf1 Rad8
15. h3 Nf8 16. Rd2 Ng6 17. Bg3 c5 18. Red1 cxd4 19. Rxd4 a6 20. Rxd8 Rxd8 21.
Rxd8+ Qxd8 22. Nd2 Qd4 23. Nf3 Qb6 24. Nd2 Bc5 25. Nd1 Qc6 26. Nc3 Bd4 27. Be2
Bxc3 28. bxc3 Qc5 29. a4 Ne5 30. Bxe5 Qxe5 31. axb5 axb5 32. f3 Qc5+ 33. Kf1
Nh5 34. Ke1 Qg1+ 35. Bf1 Nf4 36. Nb1 Nd3+ 0-1

[Event "VI Memorial Nicola Palladino B"]
[Site "Milano ITA"]
[Date "2014.04.17"]
[Round "1"]
[White "Invernizzi, Ferruccio"]
[Black "Fantina, Carla"]
[WhiteElo "1650"]
[BlackElo "1435"]
[Result "1-0"]
[PlyCount "67"]
[EventDate "2014.04.17"]

1. e4 d6 2. d4 Nf6 3. Nc3 g6 4. Be2 Bg7 5. Be3 O-O 6. h4 Nbd7 7. h5 c5 8. hxg6
fxg6 9. Qd2 cxd4 10. Bxd4 Ne5 11. O-O-O Qa5 12. Kb1 a6 13. f4 Nc6 14. Be3 Ng4
15. Bxg4 Bxg4 16. Nce2 Qxd2 17. Rxd2 Na5 18. b3 Nc6 19. Nh3 a5 20. Nf2 Bxe2 21.
Rxe2 a4 22. Nh3 axb3 23. cxb3 e5 24. g3 Nd4 25. Rd2 Rac8 26. Ng5 h6 27. Bxd4
hxg5 28. fxe5 dxe5 29. Bb2 Rf3 30. Rg1 g4 31. Rd7 Rb8 32. Rxg7+ Kxg7 33. Bxe5+
Kf7 34. Bxb8 1-0